| 000 | 00498nam a22001457a 4500 | ||
|---|---|---|---|
| 082 |
_a624 _bPUN |
||
| 110 |
_aGovt of the Punjab _951527 |
||
| 245 |
_aPunjab - Traffic and transport manual _bSign, signals and pavement markings |
||
| 250 | _aVol-I | ||
| 260 |
_aPunjab, _bPlanning and developments department, _c2008. |
||
| 300 |
_axiii, 346 pages, _bill. _c28cm. |
||
| 520 | _aSign,regulatory signs, warning signs, guide signs etc | ||
| 526 |
_a0 _b0 _c0 _d624_000000000000000_PUN |
||
| 942 |
_2ddc _cBK |
||
| 999 |
_c554216 _d554216 |
||